Ireland : Eighth Review Under the Extended Arrangement; Staff Report; Staff Supplements; and Press Release on the Executive Board discussion.

The Eighth Review Under the Extended Arrangement discusses Ireland's fiscal policy, financial reforms, economic growth, and employment. The policy implementation of Ireland continued to remain strong, even though the country has been susceptible to global financial shocks. Ireland's steadf...

ver descrição completa

Detalhes bibliográficos
Autor Corporativo: International Monetary Fund. European Dept
Formato: Periódico
Idioma:English
Publicado em: Washington, D.C. : International Monetary Fund, 2012.
Colecção:IMF Staff Country Reports; Country Report ; No. 2012/336
Acesso em linha:Full text available on IMF
LEADER 01696cas a2200241 a 4500
001 AALejournalIMF013247
008 230101c9999 xx r poo 0 0eng d
020 |c 5.00 USD 
020 |z 9781475554564 
022 |a 1934-7685 
040 |a BD-DhAAL  |c BD-DhAAL 
110 2 |a International Monetary Fund.  |b European Dept. 
245 1 0 |a Ireland :   |b Eighth Review Under the Extended Arrangement; Staff Report; Staff Supplements; and Press Release on the Executive Board discussion. 
264 1 |a Washington, D.C. :  |b International Monetary Fund,  |c 2012. 
300 |a 1 online resource (106 pages) 
490 1 |a IMF Staff Country Reports 
500 |a <strong>Off-Campus Access:</strong> No User ID or Password Required 
500 |a <strong>On-Campus Access:</strong> No User ID or Password Required 
506 |a Electronic access restricted to authorized BRAC University faculty, staff and students 
520 3 |a The Eighth Review Under the Extended Arrangement discusses Ireland's fiscal policy, financial reforms, economic growth, and employment. The policy implementation of Ireland continued to remain strong, even though the country has been susceptible to global financial shocks. Ireland's steadfast policy implementation has helped access to market funding; however, public debt continued to remain high. The authorities have been finalizing a consolidation package for 2013, with measures that are durable, equitable, and as growth-friendly as possible. 
538 |a Mode of access: Internet 
830 0 |a IMF Staff Country Reports; Country Report ;  |v No. 2012/336 
856 4 0 |z Full text available on IMF  |u http://elibrary.imf.org/view/journals/002/2012/336/002.2012.issue-336-en.xml  |z IMF e-Library